[Event "2nd Donner mem"]
[Site "Amsterdam NED"]
[Date "1995.08.12"]
[Round "1"]
[White "Huzman, Alexander"]
[Black "Timman, Jan"]
[Result "1/2-1/2"]
[WhiteElo "2580"]
[BlackElo "2590"]
[EventDate "1995.08.12"]
[PlyCount "90"]

1.d4 Nf6 2.c4 e6 3.Nc3 Bb4 4.Qc2 O-O 5.a3 Bxc3+ 6.Qxc3 Ne4
7.Qc2 f5 8.Nf3 b6 9.g3 Bb7 10.Bg2 Nf6 11.O-O Be4 12.Qc3 d6
13.Rd1 Qe8 14.b3 Nbd7 15.Bb2 Qh5 16.Ne1 Bxg2 17.Nxg2 g5 18.f3
Rae8 19.Qd3 Qh3 20.Qe3 h6 21.Qf2 Rf7 22.Qf1 Qh5 23.Rd2 Qg6
24.Rad1 Kh7 25.e3 Nh5 26.Qd3 Ndf6 27.Re1 Ref8 28.a4 Ng7 29.Rf1
h5 30.a5 Kg8 31.Bc3 g4 32.Nh4 Qh6 33.axb6 axb6 34.f4 Ne4
35.Ra2 Ne8 36.Ra7 Kh7 37.Rfa1 Qf6 38.Bb2 Qe7 39.Rb7 Qd7 40.b4
Qc6 41.Rba7 N8f6 42.b5 Qd7 43.Ba3 Rb8 44.d5 Re8 45.Bb2 Qe7
1/2-1/2

[Event "2nd Donner mem"]
[Site "Amsterdam NED"]
[Date "1995.08.15"]
[Round "4"]
[White "Khalifman, Alexander"]
[Black "Huzman, Alexander"]
[Result "1/2-1/2"]
[WhiteElo "2655"]
[BlackElo "2580"]
[EventDate "1995.08.12"]
[PlyCount "33"]

1.d4 d5 2.Nf3 Nf6 3.c4 c6 4.Nc3 e6 5.Bg5 h6 6.Bxf6 Qxf6 7.e3
Nd7 8.Bd3 dxc4 9.Bxc4 g6 10.O-O Bg7 11.Rc1 Qe7 12.e4 O-O
13.Re1 Rd8 14.e5 b5 15.Bd3 Bb7 16.Ne4 c5 17.Nxc5 1/2-1/2

[Event "2nd Donner mem"]
[Site "Amsterdam NED"]
[Date "1995.08.18"]
[Round "6"]
[White "Van Wely, Loek"]
[Black "Huzman, Alexander"]
[Result "0-1"]
[WhiteElo "2585"]
[BlackElo "2580"]
[EventDate "1995.08.12"]
[PlyCount "98"]

1. d4 d5 2. c4 c6 3. Nf3 Nf6 4. Nc3 e6 5. Bg5 h6 6. Bxf6 Qxf6
7. e3 Nd7 8. Bd3 dxc4 9. Bxc4 g6 10. O-O Bg7 11. b4 O-O
12. Rc1 Qe7 13. Qb3 b6 14. a3 Bb7 15. e4 Rab8 16. Rfe1 Rfe8
17. Rcd1 a6 18. Bf1 c5 19. d5 b5 20. d6 Qd8 21. bxc5 Rc8
22. a4 Nxc5 23. Qa3 Qa5 24. Nb1 b4 25. Qe3 Red8 26. Nbd2 Nxa4
27. Nb3 Qb6 28. Qxb6 Nxb6 29. Na5 Ba8 30. Bxa6 Rc3 31. Bb7
Bxb7 32. Nxb7 Rd7 33. Na5 Ra7 34. Ra1 Rxf3 35. gxf3 Bxa1
36. Rxa1 e5 37. f4 exf4 38. Kg2 Kf8 39. Kf3 g5 40. Kg4 Nc4
41. d7 Ne5+ 42. Kh5 Rxd7 43. Kxh6 f6 44. Nb3 Kf7 45. Nc5 Rc7
46. Ra5 Ng4+ 47. Kh5 Nxf2 48. e5 fxe5 49. Kxg5 Rxc5 0-1

[Event "2nd Donner mem"]
[Site "Amsterdam NED"]
[Date "1995.08.19"]
[Round "7"]
[White "Huzman, Alexander"]
[Black "Salov, Valery"]
[Result "1-0"]
[WhiteElo "2580"]
[BlackElo "2685"]
[EventDate "1995.08.12"]
[PlyCount "75"]

1.d4 Nf6 2.Nf3 e6 3.c4 b6 4.g3 Ba6 5.b3 b5 6.Bg2 d5 7.cxb5
Bxb5 8.O-O Nbd7 9.Ba3 Bxa3 10.Nxa3 Ba6 11.b4 Qe7 12.Rb1 Rb8
13.Qa4 Bxe2 14.Rfc1 Bxf3 15.Bxf3 Qd8 16.Nb5 O-O 17.Nxc7 Rb7
18.Na6 Qb6 19.b5 Nb8 20.Nc5 Rc7 21.Qb4 Rfc8 22.a4 a5 23.Qd2
Nbd7 24.Nb3 Rc4 25.Be2 Ne4 26.Qe1 Rc3 27.f3 Rxc1 28.Rxc1 Rxc1
29.Qxc1 Nd6 30.Qc3 Nc4 31.Bxc4 Qc7 32.Nxa5 Nb6 33.Nc6 Nxc4
34.Qb4 f6 35.a5 Kf7 36.Qc5 Ke8 37.b6 Qb7 38.a6 1-0

[Event "2nd Donner mem"]
[Site "Amsterdam NED"]
[Date "1995.08.22"]
[Round "9"]
[White "Huzman, Alexander"]
[Black "Piket, Jeroen"]
[Result "1-0"]
[WhiteElo "2580"]
[BlackElo "2625"]
[EventDate "1995.08.12"]
[PlyCount "79"]

1. d4 d5 2. c4 c6 3. cxd5 cxd5 4. Nc3 Nc6 5. e4 e6 6. exd5
exd5 7. Bb5 Nf6 8. Nf3 Be7 9. Ne5 Bd7 10. O-O O-O 11. Re1 h6
12. Qa4 Bd6 13. Bf4 Be8 14. Bg3 Ne7 15. Qb3 Qb6 16. Bxe8 Rfxe8
17. Qxb6 axb6 18. Nb5 Nf5 19. f3 Bb4 20. Red1 Rec8 21. Nd3
Nxg3 22. hxg3 Bf8 23. a3 h5 24. Rac1 Rxc1 25. Rxc1 Ra5 26. Nc3
Bd6 27. Kf2 Kf8 28. Ne2 Ra8 29. Rc3 Ke7 30. Rb3 Bc7 31. Nc3
Kd7 32. Nb5 Bb8 33. Ne5+ Bxe5 34. dxe5 Ne8 35. Nd4 Ra6 36. f4
g6 37. Nb5 Ra4 38. Nc3 Rd4 39. Ke3 Rc4 40. Nxd5 1-0

[Event "2nd Donner mem"]
[Site "Amsterdam NED"]
[Date "1995.08.23"]
[Round "10"]
[White "Shirov, Alexei"]
[Black "Morozevich, Alexander"]
[Result "1/2-1/2"]
[WhiteElo "2695"]
[BlackElo "2630"]
[EventDate "1995.08.12"]
[PlyCount "114"]

1.d4 d5 2.c4 Nc6 3.Nc3 dxc4 4.Nf3 Nf6 5.e4 Bg4 6.Be3 e6 7.Bxc4
Bb4 8.Qc2 O-O 9.O-O-O Bxc3 10.bxc3 Qe7 11.h3 Bxf3 12.gxf3 Rfb8
13.Bd3 b5 14.e5 Nd5 15.Bxh7+ Kh8 16.Be4 b4 17.Bxd5 exd5 18.Kd2
Na5 19.Ke2 Nc4 20.Bd2 c5 21.Rhg1 Rb6 22.Rg5 g6 23.dxc5 Nxd2
24.Qxd2 bxc3 25.Qxc3 Ra6 26.f4 Rc8 27.Rxd5 Qe6 28.Rd2 Rxa2
29.Rxa2 Qxa2+ 30.Kf1 Kg8 31.f5 Rd8 32.Kg2 Qd5+ 33.Kh2 Qe4
34.e6 Qf4+ 35.Qg3 Qxg3+ 36.Rxg3 fxe6 37.fxe6 a5 38.Rxg6+ Kf8
39.Rg4 Ke7 40.Ra4 Ra8 41.f4 Kxe6 42.Kg3 Kd5 43.Kg4 Kxc5 44.Kg5
Kb5 45.Ra1 Rg8+ 46.Kf6 Rf8+ 47.Ke5 Re8+ 48.Kd5 Rd8+ 49.Ke4
Re8+ 50.Kf3 Rh8 51.Rh1 Kc5 52.f5 Kd6 53.Kf4 a4 54.Kg5 Ke7
55.f6+ Kf7 56.Rb1 Rxh3 57.Rb7+ Kf8 1/2-1/2

[Event "2nd Donner mem"]
[Site "Amsterdam NED"]
[Date "1995.08.23"]
[Round "10"]
[White "Piket, Jeroen"]
[Black "Timman, Jan"]
[Result "1-0"]
[WhiteElo "2625"]
[BlackElo "2590"]
[EventDate "1995.08.12"]
[PlyCount "97"]

1. d4 Nf6 2. c4 e6 3. Nf3 d5 4. Nc3 Be7 5. Bf4 O-O 6. e3 c5
7. dxc5 Bxc5 8. a3 Nc6 9. Qc2 Qa5 10. O-O-O Bd7 11. cxd5 Nxd5
12. Ng5 g6 13. Nge4 Be7 14. Bc4 Nxf4 15. Rxd7 Nxg2 16. Bb5 Bd8
17. Rxb7 Rc8 18. Nd6 Nb4 19. axb4 Qa1+ 20. Qb1 Rxc3+ 21. bxc3
Qxc3+ 22. Kd1 Qe5 23. Rd7 Be7 24. Qe4 Bxd6 25. Qxe5 Bxe5
26. Bc6 Nh4 27. Rxa7 Rd8+ 28. Kc2 Kg7 29. b5 Nf5 30. Rd1 Rc8
31. Rdd7 Nd6 32. Kb3 g5 33. h3 Kg6 34. Ka4 Rf8 35. Ra8 Rxa8+
36. Bxa8 Nc4 37. Rd8 f5 38. Kb4 Nb6 39. Bc6 h6 40. Rd1 g4
41. Be8+ Kg5 42. hxg4 fxg4 43. Rh1 Nd5+ 44. Kc4 Nf6 45. Bc6 h5
46. b6 h4 47. b7 h3 48. Rxh3 gxh3 49. f4+ 1-0